All about home satellite television
Saved in:
| Main Author: | |
|---|---|
| Format: | Book |
| Language: | Undetermined |
| Published: |
New York
Tab Books Inc.
1983
|
| Subjects: | |
| Tags: |
Add Tag
No Tags, Be the first to tag this record!
|
| Institutions: | Trung tâm Học liệu Trường Đại học Cần Thơ |
|---|
| LEADER | 00541nam a2200193Ia 4500 | ||
|---|---|---|---|
| 001 | CTU_84029 | ||
| 008 | 210402s9999 xx 000 0 und d | ||
| 082 | |a 621.388 | ||
| 082 | |b C771 | ||
| 100 | |a Cook, Rick | ||
| 245 | 0 | |a All about home satellite television | |
| 245 | 0 | |c Rick Cook, Frank Vaughan | |
| 260 | |a New York | ||
| 260 | |b Tab Books Inc. | ||
| 260 | |c 1983 | ||
| 650 | |a Earth stations,Home video systems | ||
| 650 | |x Amateurs' manuals | ||
| 904 | |i QHieu(sửa) | ||
| 980 | |a Trung tâm Học liệu Trường Đại học Cần Thơ | ||